Aftershocks economic crisis and institutional choice /

Bibliographic Details
Corporate Authors: Wetenschappelijke Raad voor het Regeringsbeleid (Netherlands), ProQuest (Firm)
Other Authors: Hemerijck, A., Knapen, Ben., Doorne, Ellen van.
Format: Electronic eBook
Language:English
Published: Amsterdam : Amsterdam University Press, c2009.
Subjects:
Online Access:Click to View
LEADER 01692nam a2200445Ia 4500
001 EBC474237
003 MiAaPQ
005 20200520144314.0
006 m o d |
007 cr cn|||||||||
008 100122s2009 ne s 000 0ceng d
010 |z  2010366464 
020 |z 9789089641922 
020 |z 9089641920 
020 |a 9789048511853 (electronic bk.) 
020 |a 9048511852 (electronic bk.) 
035 |a (MiAaPQ)EBC474237 
035 |a (Au-PeEL)EBL474237 
035 |a (CaPaEBR)ebr10363479 
035 |a (CaONFJC)MIL245394 
035 |a (OCoLC)607561681 
040 |a MiAaPQ  |c MiAaPQ  |d MiAaPQ 
050 4 |a HB3711  |b .A124 2009 
245 0 0 |a Aftershocks  |h [electronic resource] :  |b economic crisis and institutional choice /  |c Anton Hemerijck, Ben Knapen, Ellen van Doorne (eds.). 
260 |a Amsterdam :  |b Amsterdam University Press,  |c c2009. 
300 |a 283 p. 
500 |a Includes bibliographical references. 
500 |a "WRR, Wetenschappelijke Raad voor het Regeringsbeleid." 
533 |a Electronic reproduction. Ann Arbor, MI : ProQuest, 2015. Available via World Wide Web. Access may be limited to ProQuest affiliated libraries. 
650 0 |a Financial crises. 
650 0 |a Financial crises  |x Political aspects. 
650 0 |a Economic history  |y 20th century. 
650 0 |a Economic history  |y 21st century. 
655 4 |a Electronic books. 
700 1 |a Hemerijck, A.  |q (Anton) 
700 1 |a Knapen, Ben. 
700 1 |a Doorne, Ellen van. 
710 2 |a Wetenschappelijke Raad voor het Regeringsbeleid (Netherlands) 
710 2 |a ProQuest (Firm) 
856 4 0 |u https://ebookcentral.proquest.com/lib/matrademy/detail.action?docID=474237  |z Click to View